[Event "ITA"]
[Site "Italy"]
[Date "1994.??.??"]
[Round "?"]
[White "Agrest, Evgenij"]
[Black "Bagirov, Vladimir"]
[Result "1-0"]
[WhiteElo "2475"]
[BlackElo "2525"]
[Annotator "Agrest,E"]
[PlyCount "87"]
[EventDate "1994.??.??"]
[EventType "game"]
[EventRounds "1"]
[EventCountry "ITA"]
[SourceTitle "CBM 044"]
[Source "ChessBase"]
[SourceDate "1995.02.01"]
[SourceVersion "1"]
[SourceVersionDate "1995.02.01"]
[SourceQuality "1"]

1. d4 d5 2. c4 c6 3. Nc3 e6 4. e3 Nd7 5. Qc2 Ngf6 6. Nf3 Bd6 7. Be2 O-O 8. O-O
dxc4 9. Bxc4 b5 10. Bd3 Bb7 11. e4 e5 12. Rd1 Qc7 13. h3 (13. Ne2 $6 c5 $1)
13... a6 14. Bg5 (14. a4 $5) 14... exd4 15. Nxd4 h6 $6 (15... g6 $32) (15...
Rfe8 $5) 16. Be3 Rfe8 17. Nf5 Bh2+ $8 (17... Bf4 18. Bxf4 Qxf4 19. Ne2 $16) 18.
Kh1 Bf4 19. a4 $1 $36 (19. Bxf4 $6 Qxf4 20. Ne2 Qxf2 21. Nd6 Reb8 22. Nxb7 Rxb7
23. Qxc6 Qb6 $1 $15) 19... Bxe3 20. Nxe3 Nc5 21. axb5 cxb5 22. Ncd5 $1 Bxd5 (
22... Nxd5 23. exd5 Qb6 24. Bf5 $1 $36) 23. exd5 Qb6 24. Kg1 $1 Rad8 25. Rac1
Nxd3 26. Rxd3 Rd6 27. Rcd1 {/\ Nf5,Rg3+-} g6 $1 28. Rc3 $1 Red8 29. Rc6 Qa7 $6
(29... Rxc6 $8 30. dxc6 (30. Qxc6 $2 Qxc6 31. dxc6 Rxd1+ 32. Nxd1 Nd5 $15)
30... Rxd1+ 31. Nxd1 Nd5 32. Qe4 $1 Nc7 33. Ne3 Qc5 34. b4 Qd6 35. g4 $1 $36)
30. Qc3 $1 $16 h5 (30... Qe7 31. Qa5) 31. Qe5 Ne8 32. Rdc1 a5 33. g4 hxg4 34.
hxg4 Qd7 35. Qg5 Ng7 (35... Kf8 $32) 36. Rc7 Qe8 37. Re7 Qf8 38. Rcc7 $18 Ne8
39. Ra7 Qg7 40. Qf4 Rf6 41. Qe5 Kf8 (41... Nd6 42. Rad7 Rxd7 43. Rxd7 Nc4 44.
Rd8+ Kh7 45. Qh2+ Qh6 46. Rh8+ $18) 42. g5 Rf3 43. Qe4 Rh3 44. Rxf7+ 1-0

[Event "ESP-ch"]
[Site "El Sauzal"]
[Date "2010.09.10"]
[Round "7"]
[White "Arizmendi Martinez, Julen Luis"]
[Black "Salgado Lopez, Ivan"]
[Result "1-0"]
[WhiteElo "2551"]
[BlackElo "2597"]
[Annotator "Arizmendi,J"]
[PlyCount "77"]
[EventDate "2010.09.04"]
[EventType "swiss"]
[EventRounds "9"]
[EventCountry "ESP"]
[SourceTitle "CBM 138 Extra"]
[Source "ChessBase"]
[SourceDate "2010.10.29"]
[SourceVersion "1"]
[SourceVersionDate "2010.10.29"]
[SourceQuality "1"]

1. Nf3 d5 2. d4 Nf6 3. c4 e6 4. Nc3 c6 5. e3 Nbd7 6. Qc2 Bd6 7. Be2 O-O 8. O-O
dxc4 9. Bxc4 b5 {A surprise. My opponent usually prefers the more popular move
9...a6. Seemingly, he had prepared this the night before to surprise me, but
left a little hole in his preparation.} 10. Be2 Bb7 11. Rd1 Qc7 12. e4 e5 13.
Bg5 $5 {Ok, this is not a new move, but somehow he forgot to look at it. The
truth is there is so many move nuances in this line that it´s hard to have all
flanks covered, especially if you are a first-timer to the variaton.} exd4 14.
Rxd4 Bc5 $6 {This is a mistake already.} ({I believe} 14... Ne5 {to be a very
interesting try, similar to a recent Wojtaszek-Aronian game at the
Khanty-Mansiysk Olympiad. Yes, Black allows his opponent to destroy his pawn
structure, but in return he gets good play on the dark-squares which, coupled
with his mobile queenside pawn majority, usually proves to be good
compensation.}) ({The main line is considered to be} 14... b4 15. Bxf6 Nxf6 16.
Na4 Rfe8 17. Rad1 Bf8 18. Bd3 c5 19. Rxb4 Rad8 (19... Rac8 20. Rxb7 Qxb7 21. e5
Nh5 22. Bxh7+ Kh8 23. Be4 Qe7 24. g3 g6 25. Nc3 Bh6 26. Bxg6 $18 {1-0
Dydyshko-Miroshnichenko, Swidnica 2000}) 20. Rxb7 Qxb7 21. e5 Ne4 22. Re1 f5
23. Nc3 Nxc3 24. Qxc3 g6 25. Bc4+ Kh8 26. b3 $14 {The passed pawn and Black´s
exposed king provide White with excellent play in return for the exchange.
Ftacnik-Ippolito, Las Vegas 2006.}) 15. Rd2 {A very natural move, but 15.Rd1?!
is what had been played before. Of course, White takes on d4 with the rook
because he wants to double on the d-file, so going back to d1 doesn´t make
much sense.} Rfe8 $2 (15... Ng4 16. Bh4 Qb6 {and now} 17. Bd1 {leaves Black
pretty disorganised.}) ({Maybe} 15... Ne5 {is still a better choice.}) 16. Bxf6
$1 {With this exchange I manage to gain a few tempi for my pieces.} Nxf6 17. e5
Ng4 (17... Nd7 18. Ne4 Bf8 19. Rxd7 $1 Qxd7 20. Nfg5 {and the threat 21.Nf6
decides the issue.}) 18. Ne4 ({I also spent some time calculating} 18. Ng5 Nxf2
19. Qxh7+ Kf8 {, but underestimated the strength of my position after} 20. Kf1
$1 {Here are some illustrative lines:} Rxe5 (20... Be3 21. Qh8+ Ke7 22. Qxg7
Bxd2 23. Nxf7 $1 Rg8 24. Qf6+ Kd7 25. Qf5+ Ke7 26. Qxf2 Raf8 27. Bh5 Bg5 28.
Ne4 Qb6 29. Nc5 Bc8 30. h4 $18) 21. Qh8+ Ke7 22. Qxg7 Rf5 23. Bf3 Ng4 24. Nxf7
$1 Ne3+ 25. Ke2 Rxf7 26. Qg5+ Kf8 27. Qxc5+ Re7 28. Be4 {And yet, although 18.
Ng5! is, objectively speaking, the better choice, it is easy to see that White
must find some really hard moves; it´s impossible to calculate all this
beforehand. I believe my choice is much more practical, since it also gives me
an advantage, even if a lesser one.}) 18... Be7 19. Nd6 Red8 (19... Bxd6 20.
exd6 Qd7 21. Nd4 Nf6 22. Nb3 (22. Nf5 $5 Re5 23. Ne7+ Kh8 24. Bf3) 22... Ne4
23. Nc5 Nxc5 24. Qxc5 {, with a great advantage for White. Black has little to
show in return for the passed pawn and his ugly b7 bishop.}) 20. Rad1 ({
It´s better to win a pawn with} 20. Nxb7 $1 Qxb7 21. Rxd8+ Rxd8 22. h3 Nh6 23.
Bd3 g6 24. Be4 {20.Rad1, although good-looking, allows a neat trick that
could´ve given Black good chances to defend succesfully.}) 20... Bxd6 ({
Black has a resource that engines don´t take too long to find:} 20... Nxe5 21.
Nxb7 Rxd2 ({I had seen} 21... Nxf3+ 22. Bxf3 Qxb7 23. Bxc6 Qc7 {, but hadn´t
decided between 24.Rd7 and 24.Bxa8 yet.} {The second line wins easily.} 24. Rd7
(24. Bxa8 $1 Qxc2 25. Rxd8+ Bf8 26. g3 $18 {and there is nothing Black can do
against R1d7 and Bd5.}) 24... Rxd7 25. Rxd7 Qe5 26. Bxb5) 22. Rxd2 Nc4 $1 {
The Nb7 is trapped.} (22... Nxf3+ 23. Bxf3 Qxb7 24. Bxc6 {loses}) 23. Bxc4 bxc4
24. Qxc4 Qxb7 {White is better due to his superior pawn structure, but at
least Black can keep his disadvantage within reasonable limits.} {For instance,
} 25. Ne5 Bf6 26. Nxc6 Rc8 27. Rc2 Re8) 21. exd6 Qb6 22. Nd4 $1 {The knight on
f5, together with the queen, will create havoc around the Black king.} Nf6 23.
Nf5 c5 24. Qc3 $1 {The queen joins the party.} Be4 25. Ne7+ Kf8 (25... Kh8 {
is probably better, but also easier to point out after the game.}) 26. Qe5 a6 {
Black is all tied up and White´s pieces are perfectly poised.} 27. g4 $1 {
This little pawn will break what little coordination Black had left in his
position.} Qb7 28. g5 Nd7 29. Qf4 c4 30. Bh5 $1 {Forcing Black to create new
weaknesses around his king.} f6 31. Re1 Bd3 32. Bf3 $6 {I didn´t really play
this to win material (after all, the bishop is better than Black´s rooks), but
because I thought I was winning on the spot.} (32. gxf6 Nxf6 33. Re6 {is
curtains.}) 32... Qa7 ({For some reason, at first I had only considered} 32...
Qb6 $2 33. Bxa8 Rxa8 34. Qf3 {, followed by 35.Qd5. Of course, Salgado's move
is better.}) 33. Bxa8 $6 ({Still,} 33. gxf6 Nxf6 34. Re6 {is better.}) 33...
Qxa8 34. Qg4 g6 ({During the game,} 34... fxg5 {annoyed me, but there is a
good reply:} 35. Qxg5 Re8 (35... Nf6 36. Rxd3 $1 cxd3 37. Nf5 Rd7 38. Re7 $18)
36. f3 {[%cal Gd2g2]}) 35. Qh3 h5 36. gxh6 Nc5 37. Rxd3 $1 cxd3 38. Nxg6+ Kg8
39. Re7 1-0

[Event "Bratto op 25th"]
[Site "Bratto"]
[Date "2005.08.22"]
[Round "3"]
[White "Atalik, Suat"]
[Black "Gromovs, Sergejs"]
[Result "1-0"]
[WhiteElo "2561"]
[BlackElo "2375"]
[Annotator "Atalik,S"]
[PlyCount "63"]
[EventDate "2005.08.20"]
[EventType "swiss"]
[EventRounds "9"]
[EventCountry "ITA"]
[SourceTitle "CBM 108 Extra"]
[Source "ChessBase"]
[SourceDate "2005.11.04"]
[SourceVersion "1"]
[SourceVersionDate "2005.11.04"]
[SourceQuality "1"]

1. d4 d5 2. c4 c6 3. Nf3 Nf6 4. e3 e6 5. Bd3 Bd6 $6 {Poor man's Slav. So many
people commit this mistake it is simply incredible.} 6. Nc3 Nbd7 7. e4 $1 (7.
O-O $6 {drives the game into normal positions.} O-O 8. e4 dxc4 9. Bxc4 e5 10.
Bg5 Qe7 $13) 7... dxe4 8. Nxe4 Nxe4 9. Bxe4 Nf6 10. Bc2 Bb4+ 11. Bd2 Bxd2+ 12.
Qxd2 O-O 13. O-O-O b6 14. g4 $1 Bb7 {Taking the pawn looks risky but declining
the sacrifice is not good either.} (14... Nxg4 15. Rhg1 f5 16. h3 Nf6 17. Ne5
Qc7 (17... c5 $2 18. Rxg7+ Kxg7 19. Rg1+ Kh8 20. Qh6 $18) 18. Rg3 Rb8 (18... c5
19. Rdg1 Ne8 20. Ba4 $18) 19. Rdg1 Ne8 20. Bd1 $1 $40) 15. g5 Nh5 16. Rhg1 g6
17. Ne5 Qd6 18. Ng4 $1 Rfd8 (18... c5 19. Nf6+ Nxf6 20. gxf6 Rfd8 21. dxc5 {
transposes to the text.}) 19. Nf6+ Nxf6 20. gxf6 c5 21. dxc5 Qxd2+ (21... Qf8
22. Qg5 Qxc5 23. Qxc5 bxc5 24. Rxd8+ Rxd8 25. Rd1 Rxd1+ 26. Kxd1 Bc6 27. Kd2
Kf8 28. Kc3 a5 29. a3 Ke8 30. b4 axb4+ 31. axb4 cxb4+ 32. Kxb4 e5 (32... Kd7
33. Kc5 Kc7 34. f4 $18) 33. Bb3 $3 $18 {and white wins by paralysing black's
king.}) 22. Rxd2 Rxd2 23. Kxd2 Rd8+ 24. Ke3 bxc5 25. Rd1 Rxd1 26. Bxd1 g5 (
26... Kf8 27. Kf4 h6 28. Ke5 $18) 27. Bf3 Bc8 (27... Bxf3 28. Kxf3 h6 (28...
Kf8 29. Kg4) 29. Kg4 Kh7 30. Kh5 $18) 28. Bc6 $18 {The ending look horrible
for black.} h5 29. Ke4 Kh7 30. Ke5 g4 31. Kd6 Kg6 32. Ke7 $1 1-0

[Event "Panormo zt"]
[Site "Panormo"]
[Date "1998.10.27"]
[Round "4"]
[White "Atalik, Suat"]
[Black "Anastasian, Ashot"]
[Result "1-0"]
[WhiteElo "2585"]
[BlackElo "2560"]
[Annotator "Atalik,S"]
[PlyCount "81"]
[EventDate "1998.10.24"]
[EventType "swiss"]
[EventRounds "11"]
[EventCountry "GRE"]
[SourceTitle "EXT 2002"]
[Source "ChessBase"]
[SourceDate "2001.11.25"]
[SourceVersion "1"]
[SourceVersionDate "2001.11.25"]
[SourceQuality "1"]

1. d4 d5 2. c4 c6 3. Nf3 Nf6 4. Nc3 e6 5. e3 Nbd7 6. Bd3 b6 $6 7. O-O Bb7 8.
Qe2 $1 {White intentionally does not go for those Caro-Kann type of structures
instead prefers Queens Indian 4.e3 type where c6 will be a loss of tempi.} Be7
9. b3 O-O 10. Bb2 Rc8 11. Rad1 Qc7 12. Ne5 $1 $40 {typical} Rfd8 13. f4 c5 14.
cxd5 Bxd5 $5 (14... exd5 15. Bf5) 15. Nxd5 exd5 16. Bf5 c4 {The idea behind14..
.Bd5} 17. bxc4 dxc4 18. Rc1 b5 19. e4 Qb6 20. Kh1 Rc7 21. d5 Nb8 (21... Nc5 22.
Bd4) 22. Rf3 Bf8 23. Rg3 g6 24. Nxg6 hxg6 25. Bxg6 (25. Be6 $5 Kg7 $1 (25...
Bg7 $2 26. Bxf6 fxe6 27. Bxd8 $18) (25... Nbd7 $2 26. Rxg6+ Bg7 27. e5 Nxd5 (
27... fxe6 28. exf6 Nxf6 29. Bxf6 Rxd5 30. Bxg7 Rxg7 31. Rxe6 $18)) (25... fxe6
$2 26. Rxg6+ Bg7 27. Bxf6 $18) 26. f5 $40 (26. Be5 $6 Nbd7 $1)) 25... fxg6 26.
Rxg6+ Rg7 $138 (26... Bg7 27. Bxf6 Qxf6 28. Rxf6 Bxf6 29. e5 Bg7 30. d6 Rf7 31.
Qe4 $18) 27. Rxf6 Qc7 28. Qh5 $2 (28. Rh6 $1 Rh7 (28... Rd6 29. Rxd6 Qxd6 30.
Bxg7) (28... Qf7 29. Qg4 Re8 30. Bxg7 Bxg7 31. Re6 $18) 29. Qg4+ Bg7 30. Rxh7
Kxh7 31. Bxg7 $18) 28... Rh7 29. Rg6+ $1 (29. Qg4+ $5 Bg7 (29... Rg7 30. Qe6+
Rf7 31. Rg6+ Kh7 32. Rc3 $18) 30. Qe6+ Kh8 31. Qf5 Qc8 32. Qg6 b4 33. Bd4 Nd7
34. Rf7 Rg8 35. Rxg7 Rgxg7 36. Rxc4 $18) 29... Bg7 30. Qg5 $2 $138 (30. Bxg7
Rxg7 31. Rh6 Kf8 (31... Rh7 32. Rxh7 Qxh7 33. Qg5+ $18) 32. Rh8+ Rg8 33. Qf5+
Qf7 34. Rxg8+ $18) 30... Rd6 31. Be5 $2 (31. Qe5 $1 Qd7 32. Qxd6 Qxd6 33. Rxd6
Bxb2 34. Rc2 $18) 31... Rxg6 32. Qxg6 Qf7 $4 (32... Qc8 $6 33. f5 Nd7 34. Qe6+
Kh8 35. f6) (32... Qd8 $1 33. f5 Nd7 34. Qe6+ Kh8 35. Bxg7+ Rxg7 36. Rc3 Nf8
37. Rh3+ Nh7 38. f6 Rg6 39. e5 $18) 33. Qxf7+ Kxf7 34. Bxb8 $18 Bd4 (34... Bb2
35. Rc2 c3 36. Bxa7 Rh8 37. g4 Ra8 38. Bd4 b4 39. Bc5 Rxa2 40. Bxb4 $18) 35. e5
c3 36. f5 b4 37. g4 Be3 38. Rc2 a5 39. d6 a4 40. e6+ Ke8 41. a3 $1 1-0

[Event "Continental op"]
[Site "Las Vegas"]
[Date "2001.07.27"]
[Round "2"]
[White "Atalik, Suat"]
[Black "Vigorito, David"]
[Result "1-0"]
[WhiteElo "2537"]
[BlackElo "2333"]
[Annotator "Atalik,S"]
[PlyCount "71"]
[EventDate "2001.07.26"]
[EventType "swiss"]
[EventRounds "6"]
[EventCountry "USA"]
[SourceTitle "EXT 2002"]
[Source "ChessBase"]
[SourceDate "2001.11.25"]
[SourceVersion "1"]
[SourceVersionDate "2001.11.25"]
[SourceQuality "1"]

1. d4 d5 2. c4 c6 3. Nc3 Nf6 4. e3 {No Slav this time.} e6 5. Nf3 Nbd7 6. Qc2
Bd6 7. Bd3 O-O 8. O-O dxc4 9. Bxc4 Qe7 {This is one of the most principled
lines in this variation.} 10. Bb3 $5 {Epishin's move.} e5 $2 (10... c5 $142 $11
) 11. Bd2 {Now we are in Polugaevsky's line which is considered better for
white.} e4 12. Ng5 Bxh2+ 13. Kxh2 Ng4+ 14. Kg1 Qxg5 15. Qxe4 {I had this
position some 14 years ago since then my opinon has never changed.} Qh4 (15...
Ndf6 16. Qf4 Qxf4 17. exf4 Be6 (17... Rd8 18. Rfe1 $1 $16) 18. f3 $16) 16. Qf4
Ndf6 (16... g5 17. Qg3 $8 Qxg3 18. fxg3 $16) 17. f3 Nh5 $2 (17... g5 18. Qd6
Ne8 19. Qxf8+ Kxf8 20. fxg4 f6 $1 (20... Nd6 $2 21. Rf6 Ke7 22. Raf1 Bxg4 23.
Rxd6 Kxd6 24. Be1 Qh5 25. Rxf7 $18) 21. Ne4 Kg7 22. Bd1 Be6 23. Be1 Qh6 24. Bc3
Qg6 25. Ng3 Qd3 26. Kh2 $1 $40 {Sakaev-Kobalija,Sankt-Peterburg 1997.}) 18. Qc7
Ngf6 (18... Ng3 19. fxg4 Bxg4 20. Rxf7 Rxf7 21. Bxf7+ Kh8 22. Be1 Qh1+ 23. Kf2
Nf5 24. Qxb7 Rf8 25. Qb4 $1 $18) 19. Ne2 Nd5 20. Qe5 Nhf6 21. e4 Re8 22. Bg5 $1
Qh5 $2 {Black does not show enough resiliency in this part of the game.} (22...
Rxe5 23. Bxh4 Re8 24. exd5 Rxe2 25. Bxf6 (25. Rfe1 Rxe1+ 26. Rxe1 g5 (26... Bf5
27. Bxf6 gxf6 28. Re7 cxd5 29. Bxd5 Be6 30. Bxb7 Rd8 31. d5 Bxd5 32. Bxd5 Rxd5
33. Rxa7 $18) 27. Bxg5 Nxd5 28. Bxd5 cxd5 29. Re8+ Kg7 $16) 25... gxf6 26. Rfe1
Rxe1+ 27. Rxe1 $18) 23. Qg3 h6 (23... Qg6 24. Rfe1 $1 $16 (24. exd5 $6 Rxe2 25.
Rfe1 Rxe1+ 26. Rxe1 h6 $14)) 24. Bd2 Nb6 25. Rac1 Nbd7 26. e5 Nh7 27. Kf2 $1 {
Even whites king joins the attack.} Ndf8 28. Bc2 f5 29. Rh1 Qg6 30. Qxg6 Nxg6
31. g4 $1 $18 Ne7 32. Bb3+ Kh8 (32... Nd5 33. Nf4 fxg4 34. Nxd5 cxd5 35. Bxd5+
$18) 33. g5 $1 $18 hxg5 34. Bf7 Rf8 (34... g6 35. Bxg5 Kg7 36. Rxh7+ Kxh7 37.
Bf6 $18) 35. Rxh7+ $1 {Not much to say!} Kxh7 36. Rh1# 1-0

[Event "GRE-chT 39th"]
[Site "Eretria"]
[Date "2011.07.06"]
[Round "5.4"]
[White "Nielsen, Peter Heine"]
[Black "Atalik, Suat"]
[Result "1/2-1/2"]
[WhiteElo "2681"]
[BlackElo "2619"]
[Annotator "Atalik,S"]
[PlyCount "129"]
[EventDate "2011.07.03"]
[EventType "team-swiss"]
[EventRounds "7"]
[EventCountry "GRE"]
[SourceTitle "CBM 143 Extra"]
[Source "ChessBase"]
[SourceDate "2011.08.29"]
[SourceVersion "1"]
[SourceVersionDate "2011.08.29"]
[SourceQuality "1"]
[WhiteTeam "AEK"]
[BlackTeam "Thessaloniki Galaxias"]
[WhiteTeamCountry "GRE"]
[BlackTeamCountry "GRE"]

1. d4 d5 2. c4 c6 3. Nc3 Nf6 4. e3 e6 5. Nf3 Nbd7 6. Bd3 {He prepared Meran
but I wanted to keep the game under the boundaries of Eingorn System.} (6. Qc2
Bd6 7. Bd3 O-O 8. O-O dxc4 9. Bxc4 b5 10. Bd3 Bb7 {is another way to reach the
game continuation but this time via Eingorn System.}) 6... dxc4 7. Bxc4 b5 8.
Bd3 Bd6 {The big discovery by Zvjagintsev who did not rush to push c5.} 9. O-O
O-O 10. Qc2 Bb7 11. a3 {A critical position. White has many continuations to
his disposal.} (11. Rd1 {is always a critical move.Should it be included or
not?} Rc8 {This is the move I like.} (11... Qe7 12. e4 e5 13. Ne2 c5 14. Ng3 g6
15. dxe5 Nxe5 16. Bxb5 c4 $5 $44 {I doubt if Black has any real compensation
for the pawn.}) (11... Qc7 12. a3 a5 13. Bd2 b4 (13... Rfc8 $5 14. b4 axb4 15.
axb4 Qd8 $132) 14. axb4 axb4 15. Na4 c5 16. dxc5 Nxc5 17. Bxb4 Nxa4 18. Rxa4 (
18. Bxd6 Qxc2 19. Bxc2 Nxb2 20. Bxf8 Nxd1 21. Rxa8 Bxa8 22. Bb4 Nb2 23. Nd2 Bc6
$11 {and the knight escapes.}) 18... Qxc2 19. Bxc2 Rxa4 20. Bxd6 Ra2 21. Bxf8
Kxf8 22. Rb1 Be4 (22... Bxf3 23. gxf3 Nd7) 23. Ne1 Bxc2 24. Nxc2 Nd5 $14 {
and it looks difficult to convert the extra pawn but obviously it is not a
game plan for anyone who has pride.}) 12. a3 (12. Ne5 h6) 12... a5 13. Ne5 $5 (
13. e4 e5 14. dxe5 Nxe5 15. Nxe5 Bxe5 16. h3 Qe7 17. Be3 c5 18. Nxb5 c4 19.
Bxc4 Bxe4 20. Qb3 Bxb2 21. Ra2 Be5 $11) 13... h6 14. f4 Qe7 $13 {and it is a
fight.}) (11. Ng5 $5 h6 (11... Bxh2+ 12. Kxh2 Ng4+ 13. Kg1 Qxg5 14. f3 Ngf6 15.
e4 Qh4 16. Be3 e5 17. Ne2 $44 {is sort of dangerous for Black.}) 12. Nge4 Be7
13. Rd1 Nxe4 14. Nxe4 Qb6 $11 {takes the venom out of White's set up.}) 11...
a5 12. e4 (12. Rd1 b4) 12... e5 13. dxe5 Nxe5 14. Nxe5 Bxe5 15. h3 {He has
prepared this against Shirov, however I really doubt if White has anything in
this set up.} b4 (15... Re8 16. Be3 Bd4 17. Rfe1 Bxe3 18. Rxe3 Qd6 $132) (15...
Ba6 16. Rd1 (16. Be3 $6 b4 17. Bxa6 bxc3 18. Bc4 cxb2 19. Rad1 Qe7 20. Bc5 Qc7
$17) (16. Rb1 Re8) 16... Qc7 (16... Qe7 17. Be3 b4 18. axb4 Bxd3 19. Rxd3 (19.
Qxd3 $2 axb4 20. Na4 Nxe4 $17) 19... axb4 20. Rxa8 Rxa8 21. Na4 Nxe4 22. Qxc6
Qe8 23. Qxe8+ Rxe8 24. g4 $14) 17. Be3 b4 18. axb4 Bxd3 19. Qxd3 axb4 20. Rxa8
Rxa8 21. Na4 $14) 16. Na4 Bd4 17. Re1 c5 18. Be3 Rc8 19. Bxd4 cxd4 $1 {Active!}
20. Qd2 bxa3 21. Rxa3 (21. bxa3 $6 Nd7 22. f4 Bc6) 21... Re8 $5 (21... Nh5 {
but what about} 22. g4 $1 (22. e5 Qh4 23. Bf5 Qf4 24. Qxf4 Nxf4 25. Bxc8 Rxc8
26. f3 g5 $44)) 22. f3 $6 {When he first time slowed down I was surprised with
his choice.} ({I have only considered to push down the e pawn.} 22. e5 Nd7 23.
Bf5 Rc4 24. e6 (24. Bxh7+ Kxh7 25. Qd3+ Kg8 26. Qxc4 Nxe5 27. Qf1 d3 28. Nc5
Nf3+ 29. gxf3 Qg5+ 30. Kh2 Rxe1 31. Qxe1 Bxf3 $17 {may turn out to be
seriously wrong for White.}) 24... Nf6 25. Rg3 (25. exf7+ Kxf7 {is better than
it looks.}) 25... fxe6 26. Qg5 Qc7 27. Rxe6 Rc1+ 28. Kh2 Rxe6 29. Bxe6+ Kf8 30.
Nb6 (30. Nc3 Rxc3 31. bxc3 dxc3 32. Bb3 h6 $40) 30... h6 31. Qxa5 Rc6 32. Qa3+
Qd6 33. Nd7+ Nxd7 34. Bxd7 Qxa3 35. bxa3 Rc2 $11 {and Black should not be
worse with such a passer.}) 22... Nh5 23. b4 axb4 24. Rb3 Qh4 25. Rxb4 Nf4 26.
Nb2 Ba6 $2 (26... Nxh3+ 27. gxh3 Qg3+ 28. Kf1 Qxf3+ 29. Qf2 Qxh3+ 30. Qg2 Qd7
31. Nd1 $13 {I could have come to a clear conclusion in this one.}) ({However
I have completely missed this one!} 26... Re6 $1 27. Qf2 (27. Rxb7 Rg6 $19)
27... Qe7 $1 {with the terrible threat of rook swing to g6.} 28. Rxb7 Qxb7 29.
Qxd4 Rg6 $19) 27. Rd1 Rc6 28. Bxa6 Nxh3+ $6 ({Good or bad} 28... Rxa6 {was the
only fair chance to make something happen.} 29. Nd3 (29. e5 $2 Rg6 30. Rxd4
Nxh3+ 31. Kf1 Nf4 $19) 29... Nxg2 30. Kxg2 Rg6+ 31. Kf1 Qxh3+ 32. Ke2 Rf6 33.
Ne1 Rxe4+ 34. Kd3 (34. fxe4 $4 Qf1#) 34... Re8 35. Kc2 $13) 29. Kf1 Nf4 30. Qf2
Qh1+ 31. Qg1 Qxg1+ 32. Kxg1 Rxa6 33. Nd3 Ne6 34. f4 $1 $15 {Way too many
positions botched up one after another lsignificantly owered my self-esteem.}
g6 35. f5 Ng5 36. Rxd4 Nxe4 37. Rxe4 $1 Rxe4 38. Nc5 Rea4 39. Nxa4 Rxa4 40.
fxg6 hxg6 $11 {Nobody loses this in this very level!} 41. Rd7 Kg7 42. Kf2 Kf6
43. Rb7 Rf4+ 44. Kg3 Kg5 45. Rb6 Rf1 46. Kh3 f5 47. g3 Rf2 48. Ra6 Rf3 49. Kg2
Rb3 50. Ra4 Rb2+ 51. Kf3 Rh2 52. Rb4 Rh1 53. Ra4 Rf1+ 54. Kg2 Re1 55. Kf3 Rf1+
56. Kg2 Rb1 57. Kf3 Rb3+ 58. Kf2 Rb6 59. Kf3 Re6 60. Rb4 Re4 61. Rxe4 fxe4+ 62.
Kxe4 Kg4 63. Ke5 Kxg3 64. Kf6 g5 65. Kxg5 1/2-1/2